| 000 -LEADER |
| fixed length control field |
01150cam a2200313 a 4500 |
| 001 - CONTROL NUMBER |
| control field |
2609593 |
| 003 - CONTROL NUMBER IDENTIFIER |
| control field |
OkBaRHE |
| 005 - DATE AND TIME OF LATEST TRANSACTION |
| control field |
20110922173452.0 |
| 008 - FIXED-LENGTH DATA ELEMENTS--GENERAL INFORMATION |
| fixed length control field |
970617s1996 okua 001 0 eng d |
| 010 ## - LIBRARY OF CONGRESS CONTROL NUMBER |
| LC control number |
97205901 |
| 020 ## - INTERNATIONAL STANDARD BOOK NUMBER |
| International Standard Book Number |
1577780248 |
| 035 ## - SYSTEM CONTROL NUMBER |
| System control number |
(OCoLC)37139321 |
| 040 ## - CATALOGING SOURCE |
| Original cataloging agency |
RLM |
| Transcribing agency |
RLM |
| Modifying agency |
DLC |
| 042 ## - AUTHENTICATION CODE |
| Authentication code |
lccopycat |
| 050 00 - LIBRARY OF CONGRESS CALL NUMBER |
| Classification number |
BX 8762 .Z6 |
| Item number |
W57 1996 |
| 082 00 - DEWEY DECIMAL CLASSIFICATION NUMBER |
| Classification number |
252/.0994 |
| Edition number |
21 |
| 100 1# - MAIN ENTRY--PERSONAL NAME |
| Personal name |
Wigglesworth, Smith, |
| Dates associated with a name |
1859-1947. |
| 9 (RLIN) |
487 |
| 245 10 - TITLE STATEMENT |
| Title |
Smith Wigglesworth : |
| Remainder of title |
the complete collection of his life teachings / |
| Statement of responsibility, etc |
compiled by Roberts Liardon. |
| 260 ## - PUBLICATION, DISTRIBUTION, ETC. (IMPRINT) |
| Place of publication, distribution, etc |
Tulsa, Okla. : |
| Name of publisher, distributor, etc |
Albury Pub., |
| Date of publication, distribution, etc |
c1996. |
| 300 ## - PHYSICAL DESCRIPTION |
| Extent |
850 p. : |
| Other physical details |
ill. ; |
| Dimensions |
24 cm. |
| 500 ## - GENERAL NOTE |
| General note |
Includes indexes. |
| 650 #0 - SUBJECT ADDED ENTRY--TOPICAL TERM |
| Topical term or geographic name as entry element |
Pentecostal churches |
| General subdivision |
Sermons. |
| 9 (RLIN) |
488 |
| 650 #0 - SUBJECT ADDED ENTRY--TOPICAL TERM |
| Topical term or geographic name as entry element |
Sermons, English. |
| 700 1# - ADDED ENTRY--PERSONAL NAME |
| Personal name |
Liardon, Roberts. |
| 9 (RLIN) |
489 |
| 906 ## - LOCAL DATA ELEMENT F, LDF (RLIN) |
| a |
7 |
| b |
cbc |
| c |
copycat |
| d |
2 |
| e |
ncip |
| f |
19 |
| g |
y-gencatlg |
| 942 ## - ADDED ENTRY ELEMENTS (KOHA) |
| Source of classification or shelving scheme |
|
| Koha item type |
Books |